Avances de la enseñanza y la investigación en el colegio de post-graduados de Chapingo.

Salvato in:
Dettagli Bibliografici
Ente Autore: Escuela Nacional de Agricultura (México)
Natura: Libro
Lingua:spagnolo
Soggetti:
Tags: Aggiungi Tag
Nessun Tag, puoi essere il primo ad aggiungerne!!

MARC

LEADER 00000cam^a2200000uu^4500
001 000479280
005 20250521000000.0
008 050901s1973^^^^^^^^^^^^rd^r^^000^0^spa^d
009 20260310124933.742
035 |a FCE 000022282 
035 |a FCE 001661 
037 |a Acervo ITESO - Biblioteca 
041 |a spa 
082 0 4 |a 378.7578  |b ESC 
110 |a Escuela Nacional de Agricultura (México) 
245 1 0 |a Avances de la enseñanza y la investigación en el colegio de post-graduados de Chapingo. 
264 |a Chapingo, Estado de México :  |b E.N.A.,  |c 1973. 
300 |a 369 p. 
336 |a texto  |b txt  |2 rdacontenido 
337 |a sin mediación  |b n  |2 rdamedio 
338 |a volumen  |b nc  |2 rdasoporte 
649 |a XX 
650 |a Educación superior 
650 |a Educación rural 
650 |a Metodología de la enseñanza 
650 |a Posgrado 
650 |a Educación agrícola 
650 |a Investigación educacional 
650 |a Educación técnica 
910 |a Fondo Centro de Estudios Educativos 
920 |a Impresos - Libros 
930 |a Fondos Especiales 
905 |a 133 
901 |a ALE001661  |b IT2  |c CEE  |u 20250521 
902 |a https://opac.biblio.iteso.mx/vufind/Record/000479280